Ternary MoO3-B2O3-K2O glasses / (Record no. 42648)

MARC details
000 -LEADER
fixed length control field 00885nam a22002657a 4500
005 - DATE AND TIME OF LATEST TRANSACTION
control field 20100820102711.0
010 ## - LCCN (DPL NO)
LC control number ENG-101036
020 ## - INTERNATIONAL STANDARD BOOK NUMBER
Terms of availability 100.00
035 ## - SYSTEM CONTROL NUMBER
System control number EN-84569
037 ## - SOURCE OF ACQUISITION
Source of stock number/acquisition DBAD/PUB
082 ## - DEWEY DECIMAL CLASSIFICATION NUMBER
Classification number 620.144
100 ## - MAIN ENTRY--PERSONAL NAME
Personal name Ambika, R.
245 ## - TITLE STATEMENT
Title Ternary MoO3-B2O3-K2O glasses /
Statement of responsibility, etc by R. Ambika
260 ## - PUBLICATION, DISTRIBUTION, ETC. (IMPRINT)
Place of publication, distribution, etc Chennai
Name of publisher, distributor, etc Parkar
Date of publication, distribution, etc 2006
270 ## - ADDRESS
Address 293, Ahamed Complex, 2nd Floor Royapettah High Road, Royapettah
City Chennai
Postal code 600014
300 ## - PHYSICAL DESCRIPTION
Extent 77 p.
Other physical details 24 cm (Pbk)
500 ## - GENERAL NOTE
General note Includes bibliographical references
650 ## - SUBJECT ADDED ENTRY--TOPICAL TERM
Topical term or geographic name as entry element Flvoride glasses
650 ## - SUBJECT ADDED ENTRY--TOPICAL TERM
Topical term or geographic name as entry element Matallic glasses
650 ## - SUBJECT ADDED ENTRY--TOPICAL TERM
Topical term or geographic name as entry element Optical glasses
700 ## - ADDED ENTRY--PERSONAL NAME
9 (RLIN) 15115
700 ## - ADDED ENTRY--PERSONAL NAME
9 (RLIN) 15135
942 ## - ADDED ENTRY ELEMENTS (KOHA)
Source of classification or shelving scheme Dewey Decimal Classification
Item type English Books
Classification part 620.144
Call number suffix AMB
Holdings
Withdrawn status Lost status Not for loan Collection code Home library Current library Date acquired Cost, normal purchase price Full call number Barcode Copy number Cost, replacement price Koha item type
    Not For Loan Non-fiction D.B.Act.Division D.B.Act.Division 20/08/2010 100.00 620.144 AMB EN-84569 1 100.00 English Books

© Delhi Public Library
Hit Counter
free hit counter